| 000 | 00626nam a22002177a 4500 | ||
|---|---|---|---|
| 005 | 20170124110042.0 | ||
| 010 | _aA-953394 | ||
| 020 | _c00.00 | ||
| 035 | _aA-953394 | ||
| 037 | _bCen Lib/Ret | ||
| 040 |
_aDPL _bEN |
||
| 082 |
_a881 _bSEI |
||
| 100 |
_aSaigal, Omesh _923868 |
||
| 245 |
_aNever Gandhi not agian : _c by Omesh Saigal _bsong of Matama Gandhi / |
||
| 260 |
_aNew Delhi _bFull cirlce _c1997 |
||
| 270 |
_a18-19, Dilashad Garden _bNew Delhi _e110095 |
||
| 300 |
_a138p.: _c21cm(Hb) _bill. |
||
| 650 |
_aLiterature _96262 |
||
| 650 |
_aIndia poetry _923869 |
||
| 942 |
_2ddc _cEN _h881 _mSEI |
||
| 999 |
_c128596 _d128596 |
||